Statistics for World Capitals by a Single Word

Click here to take the quiz!

General Stats

  • This quiz has been taken 141 times
  • The average score is 16 of 20

Answer Stats

HintAnswer% Correct
GangnamSeoul
95%
BrandenburgBerlin
93%
SmithsonianWashington, D.C.
89%
TubeLondon
88%
TenochtitlanMexico City
88%
NorthernmostReykjavik
88%
SouthernmostWellington
85%
MemphisCairo
84%
NobelStockholm
84%
PetronasKuala Lumpur
83%
OrlyParis
82%
CarthageTunis
82%
BohemiaPrague
81%
CanalPanama City
78%
GorkyMoscow
72%
RawalpindiIslamabad
66%
MarcosManila
66%
LeopoldvilleKinshasa
57%
MaduroCaracas
51%
GinzaTokyo
50%

Score Distribution

Percentile by Number Answered

Percent of People with Each Score

Your Score History

You have not taken this quiz